[Event "14th Vandoeuvre Open 2018"]
[Site "?"]
[Date "2018.01.04"]
[Round "5"]
[White "Kevlishvili, Robby"]
[Black "Keymer, Vincent"]
[Result "1-0"]
[WhiteElo "2451"]
[BlackElo "2408"]
[Annotator "TA"]
[PlyCount "67"]
[EventDate "2018.??.??"]
[EventType "swiss"]
[EventCountry "FRA"]
[SourceTitle "Vandoeuvre"]

{[%evp 17,67,18,22,-12,-6,-19,0,-6,-2,0,48,47,90,31,109,108,121,118,135,125,127,117,188,195,340,295,347,342,423,406,560,557,522,536,537,535,533,531,497,491,455,430,988,972,944,919,2400,1950,29984,29985,29987,29988]} 1. e4 c5 2. Nf3 d6 3. d4 cxd4 4. Nxd4 Nf6 5. Nc3 a6 6. Bc4 e6 7. Bb3 Be7 8. f4 Nc6 9. Be3 Na5 {LiveBook: 5 Games. B88: Sicilian: Sozin Attack} (9... Qc7 10. O-O Na5 11. g4 h5 12. g5 Ng4 13. Bc1 b5 14. h3 b4 15. Na4 Bb7 16. hxg4 Nxb3 17. cxb3 hxg4 18. Qe2 Rh3 {0-1 (27) Rublevsky,S (2681)-Dubov,D (2660) Khanty-Mansiysk 2016}) 10. f5 {[%cal Rf5e6]} Nxb3 11. axb3 Bd7 {The position is equal.} 12. Qf3 e5 $146 ({Predecessor:} 12... Rc8 13. O-O O-O 14. Rf2 Qc7 15. Nde2 Qd8 16. Nd4 Qc7 17. g4 h6 18. h4 Nh7 19. Qg3 Qd8 20. Nf3 Bc6 {½-½ (20) Valencia,C (1949)-Bolivar,J (2119) Manizales 2017}) 13. Nde2 Rc8 14. g4 h6 15. Ng3 ({Better is} 15. h4 $16) 15... Bc6 (15... b5 $14) 16. O-O-O $1 $16 b5 17. h4 $1 {[%cal Bh2h4,Bh4g5][%mdl 32]} b4 18. Nd5 Bxd5 19. exd5 Qc7 (19... Nh7 $16 {was necessary.}) 20. Rd2 $18 Kd7 (20... Nd7 $142 21. g5 Rb8) 21. g5 hxg5 22. hxg5 Rxh1+ 23. Qxh1 Ng4 24. Qh3 Qa5 {[%cal Ra5a1]} 25. Kb1 Nxe3 26. f6+ $1 Kc7 {[#]} 27. Qxc8+ $3 {[%mdl 512]} Kxc8 28. fxg7 Qd8 {[#]} 29. Rh2 $1 {[%cal Rh2h8] [#] Black must now prevent Rh8.} Kb7 (29... Bf6 $142 $1 30. gxf6 Ng4) 30. Rh8 Qc7 31. g8=Q Qxc2+ 32. Ka2 {[%csl Gh8][%cal Rg8b8]} Kb6 33. Qb8+ Ka5 34. Rc8 {Precision: White = 80%, Black = 19%.} 1-0

[Event "14th Vandoeuvre Open 2018"]
[Site "?"]
[Date "2018.01.04"]
[Round "5"]
[White "Riou Durand, Lionel"]
[Black "Oney, Remel"]
[Result "0-1"]
[WhiteElo "1898"]
[BlackElo "1828"]
[PlyCount "122"]
[EventDate "2018.??.??"]
[EventType "swiss"]
[EventCountry "FRA"]
[SourceTitle "Vandoeuvre"]
[TimeControl "5400+30"]
[WhiteClock "0:01:31"]
[BlackClock "0:00:39"]

1. e3 {[%emt 0:00:00]} Nf6 {[%emt 0:00:58]} 2. f4 {[%emt 0:00:09]} g6 {[%emt 0:00:27]} 3. Nf3 {[%emt 0:00:19]} Bg7 {[%emt 0:00:05]} 4. Be2 {[%emt 0:00:42]} d5 {[%emt 0:00:24]} 5. O-O {[%emt 0:00:11]} O-O {[%emt 0:00:04]} 6. d3 {[%emt 0:00:19]} c5 {[%emt 0:00:35]} 7. Ne5 {[%emt 0:03:54]} Qc7 {[%emt 0:03:10]} 8. Bf3 {[%emt 0:07:44]} e6 {[%emt 0:03:15]} 9. e4 {[%emt 0:02:12]} d4 {[%emt 0:04:35]} 10. a4 {[%emt 0:01:22]} Bd7 {[%emt 0:04:38]} 11. Nd2 {[%emt 0:08:47]} Nc6 {[%emt 0:05:34]} 12. Ndc4 {[%emt 0:02:16]} Ne8 {[%emt 0:04:18]} 13. Nxc6 {[%emt 0:16:47]} Bxc6 {[%emt 0:00:27]} 14. Qe1 {[%emt 0:00:09]} Bxa4 {[%emt 0:09:06]} 15. Rxa4 {[%emt 0:06:47]} b5 {[%emt 0:03:37]} 16. e5 {[%emt 0:04:32]} Rb8 {[%emt 0:01:26]} 17. Ra6 {[%emt 0:02:37]} bxc4 {[%emt 0:00:31]} 18. Rc6 {[%emt 0:05:11]} Qe7 {[%emt 0:04:40]} 19. dxc4 {[%emt 0:00:41]} Rb6 {[%emt 0:02:05]} 20. Qa5 {[%emt 0:01:00]} Rxc6 {[%emt 0:03:16]} 21. Bxc6 {[%emt 0:00:09]} g5 {[%emt 0:02:53]} 22. Rf3 {[%emt 0:02:27]} gxf4 {[%emt 0:04:00]} 23. Bxf4 {[%emt 0:00:38]} f6 {[%emt 0:11:10]} 24. exf6 {[%emt 0:00:10]} Nxf6 {[%emt 0:00:48]} 25. Be5 {[%emt 0:12:14]} Ng4 {[%emt 0:05:33]} 26. Bxg7 {[%emt 0:00:40]} Kxg7 {[%emt 0:04:35]} 27. Qe1 {[%emt 0:08:29]} Rxf3 {[%emt 0:03:37]} 28. Bxf3 {[%emt 0:00:06]} Ne3 {[%emt 0:01:24]} 29. Qe2 {[%emt 0:00:31]} Qg5 {[%emt 0:01:23]} 30. Qd2 {[%emt 0:07:58]} Qe5 {[%emt 0:02:55]} 31. Qe2 {[%emt 0:01:06]} Qf5 {[%emt 0:01:10]} 32. c3 {[%emt 0:01:30]} e5 {[%emt 0:01:06]} 33. cxd4 {[%emt 0:00:25]} exd4 {[%emt 0:00:23]} 34. h3 {[%emt 0:02:41]} Qb1+ {[%emt 0:01:41]} 35. Kf2 {[%emt 0:00:34]} Qc1 {[%emt 0:05:16]} 36. Bd5 {[%emt 0:01:11]} Nd1+ {[%emt 0:01:19]} 37. Kg3 {[%emt 0:00:51]} Qg5+ 38. Kh2 Qf4+ {[%emt 0:02:22]} 39. g3 {[%emt 0:01:22]} Qf2+ {[%emt 0:00:39]} 40. Qxf2 {[%emt 0:00:02]} Nxf2 {[%emt 0:00:02]} 41. Kg2 {[%emt 0:00:18]} Nd3 {[%emt 0:00:24]} 42. b3 {[%emt 0:00:43]} Nc1 {[%emt 0:00:49]} 43. b4 {[%emt 0:00:50]} cxb4 {[%emt 0:00:33]} 44. c5 {[%emt 0:00:04]} Kf6 {[%emt 0:00:39]} 45. Kf3 {[%emt 0:00:43]} Ke5 {[%emt 0:01:21]} 46. Be4 {[%emt 0:00:35]} h6 {[%emt 0:01:23]} 47. g4 {[%emt 0:00:52]} b3 {[%emt 0:00:34]} 48. h4 {[%emt 0:00:24]} b2 {[%emt 0:00:24]} 49. c6 {[%emt 0:00:41]} Kd6 {[%emt 0:01:59]} 50. Bb1 {[%emt 0:00:11]} Kxc6 {[%emt 0:00:16]} 51. g5 {[%emt 0:00:03]} hxg5 {[%emt 0:00:26]} 52. h5 {[%emt 0:00:31]} g4+ {[%emt 0:00:35]} 53. Kg3 {[%emt 0:01:08]} d3 {[%emt 0:00:28]} 54. h6 {[%emt 0:00:10]} d2 {[%emt 0:00:25]} 55. h7 {[%emt 0:00:31]} d1=Q {[%emt 0:00:19]} 56. Be4+ {[%emt 0:00:44]} Kd6 {[%emt 0:00:45]} 57. h8=Q {[%emt 0:00:08]} Qg1+ {[%emt 0:00:47]} 58. Kf4 {[%emt 0:00:06]} Ne2+ {[%emt 0:00:14]} 59. Kf5 {[%emt 0:01:30]} Qc5+ {[%emt 0:00:34]} 60. Kg6 {[%emt 0:00:26]} Nf4+ {[%emt 0:00:19]} 61. Kf7 {[%emt 0:00:30]} Qc7+ {[%emt 0:00:18]} 0-1

[Event "14th Vandoeuvre Open 2018"]
[Site "?"]
[Date "2018.01.04"]
[Round "5"]
[White "Budak, Rezan"]
[Black "Comte, Elise"]
[Result "0-1"]
[WhiteElo "1870"]
[BlackElo "1722"]
[PlyCount "60"]
[EventDate "2018.??.??"]
[EventType "swiss"]
[EventCountry "FRA"]
[SourceTitle "Vandoeuvre"]
[TimeControl "5400+30"]
[WhiteClock "0:09:05"]
[BlackClock "0:22:55"]

1. e4 {[%emt 0:12:47]} e5 {[%emt 0:00:00]} 2. Bc4 {[%emt 0:01:10]} Nf6 {[%emt 0:01:11]} 3. d4 {[%emt 0:00:29]} Nc6 {[%emt 0:02:20]} 4. Nf3 {[%emt 0:00:57]} Be7 {[%emt 0:12:28]} 5. Nxe5 {[%emt 0:01:34]} O-O {[%emt 0:02:32]} 6. Nxf7 {[%emt 0:16:27]} Rxf7 {[%emt 0:01:33]} 7. Bxf7+ {[%emt 0:00:05]} Kxf7 {[%emt 0:00:09]} 8. e5 {[%emt 0:00:04]} Ne8 {[%emt 0:03:16]} 9. O-O {[%emt 0:01:13]} d5 {[%emt 0:03:42]} 10. c3 {[%emt 0:03:29]} g6 {[%emt 0:02:19]} 11. Be3 {[%emt 0:03:47]} Ng7 {[%emt 0:04:45]} 12. g4 {[%emt 0:00:16]} Be6 {[%emt 0:05:57]} 13. h3 {[%emt 0:00:44]} Qd7 {[%emt 0:02:46]} 14. Nd2 {[%emt 0:01:53]} Rh8 {[%emt 0:09:08]} 15. Kg2 {[%emt 0:00:52]} h5 {[%emt 0:03:44]} 16. f3 {[%emt 0:00:05]} Ke8 {[%emt 0:00:33]} 17. Nb3 {[%emt 0:00:32]} hxg4 {[%emt 0:00:57]} 18. hxg4 {[%emt 0:00:03]} Rh4 {[%emt 0:06:06]} 19. Rh1 {[%emt 0:00:10]} Rxh1 {[%emt 0:02:56]} 20. Kxh1 {[%emt 0:00:07]} b6 {[%emt 0:02:47]} 21. Qe2 {[%emt 0:07:39]} Bh4 {[%emt 0:05:02]} 22. Bh6 {[%emt 0:07:45]} Kf7 {[%emt 0:06:15]} 23. Kg2 {[%emt 0:02:41]} Ne7 {[%emt 0:02:50]} 24. Rh1 {[%emt 0:01:07]} g5 {[%emt 0:00:38]} 25. Bxg7 {[%emt 0:05:00]} Kxg7 {[%emt 0:00:12]} 26. Kf1 {[%emt 0:07:55]} Ng6 {[%emt 0:01:51]} 27. Qe3 {[%emt 0:02:00]} Qa4 {[%emt 0:05:36]} 28. Nc1 {[%emt 0:00:50]} Qd1+ {[%emt 0:02:37]} 29. Kg2 {[%emt 0:00:13]} Nf4+ {[%emt 0:00:43]} 30. Qxf4 {[%emt 0:00:11]} Qc2+ {[%emt 0:01:02]} 0-1

[Event "14th Vandoeuvre Open 2018"]
[Site "?"]
[Date "2018.01.04"]
[Round "5"]
[White "Bat, Bilguun"]
[Black "Schmitt, Axel"]
[Result "0-1"]
[WhiteElo "1809"]
[BlackElo "2323"]
[PlyCount "87"]
[EventDate "2018.??.??"]
[EventType "swiss"]
[EventCountry "FRA"]
[SourceTitle "Vandoeuvre"]
[TimeControl "5400+30"]
[WhiteClock "0:25:24"]
[BlackClock "0:21:51"]

1. d4 {[%emt 0:00:23]} Nf6 {[%emt 0:00:00]} 2. Nf3 {[%emt 0:00:07]} e6 {[%emt 0:00:00]} 3. e3 {[%emt 0:00:39]} b6 {[%emt 0:01:03]} 4. Bd3 {[%emt 0:00:06]} Bb7 {[%emt 0:00:05]} 5. O-O {[%emt 0:00:07]} Be7 {[%emt 0:00:01]} 6. b3 {[%emt 0:00:09]} O-O {[%emt 0:00:14]} 7. Bb2 {[%emt 0:00:03]} c5 {[%emt 0:00:11]} 8. Nbd2 {[%emt 0:00:05]} d5 {[%emt 0:00:45]} 9. Ne5 {[%emt 0:00:29]} Nc6 {[%emt 0:00:09]} 10. f4 {[%emt 0:00:07]} Rc8 {[%emt 0:00:54]} 11. a3 {[%emt 0:00:15]} Qc7 {[%emt 0:05:28]} 12. Rc1 {[%emt 0:01:48]} Rfd8 {[%emt 0:06:04]} 13. Qe2 {[%emt 0:00:59]} Nxe5 {[%emt 0:09:18]} 14. fxe5 {[%emt 0:00:40]} Ne4 {[%emt 0:00:07]} 15. Bxe4 {[%emt 0:10:32]} dxe4 {[%emt 0:00:08]} 16. c4 {[%emt 0:02:00]} Bg5 {[%emt 0:06:36]} 17. h4 {[%emt 0:01:28]} Bxh4 {[%emt 0:07:01]} 18. Qg4 {[%emt 0:02:49]} Qe7 {[%emt 0:00:40]} 19. Nxe4 {[%emt 0:01:07]} Bxe4 {[%emt 0:00:59]} 20. Qxe4 {[%emt 0:00:05]} Bg5 {[%emt 0:00:10]} 21. Rcd1 {[%emt 0:04:27]} h6 {[%emt 0:02:03]} 22. Rf3 {[%emt 0:01:49]} Rd7 {[%emt 0:02:49]} 23. Rff1 {[%emt 0:14:31]} f6 24. exf6 {[%emt 0:12:50]} Bxf6 {[%emt 0:18:01]} 25. a4 {[%emt 0:01:46]} Rcd8 {[%emt 0:00:16]} 26. Ba3 {[%emt 0:00:39]} Qe8 {[%emt 0:00:54]} 27. Qg4 {[%emt 0:00:43]} Bg5 {[%emt 0:04:16]} 28. Rf3 {[%emt 0:02:21]} Qg6 {[%emt 0:02:13]} 29. Kh1 {[%emt 0:04:54]} Kh7 {[%emt 0:07:29]} 30. Re1 {[%emt 0:13:24]} cxd4 {[%emt 0:01:04]} 31. exd4 {[%emt 0:00:35]} Rxd4 {[%emt 0:00:42]} 32. Qxe6 {[%emt 0:00:38]} Qxe6 {[%emt 0:01:35]} 33. Rxe6 {[%emt 0:00:10]} Bf4 {[%emt 0:00:36]} 34. Kg1 {[%emt 0:01:14]} Rd1+ {[%emt 0:00:16]} 35. Kf2 {[%emt 0:00:07]} Bg5 {[%emt 0:01:06]} 36. Bb4 {[%emt 0:01:17]} R1d3 {[%emt 0:00:35]} 37. Be7 {[%emt 0:02:06]} Rxf3+ {[%emt 0:00:53]} 38. gxf3 {[%emt 0:00:26]} Re8 {[%emt 0:00:07]} 39. Bxg5 {[%emt 0:00:32]} Rxe6 {[%emt 0:00:01]} 40. Be3 {[%emt 0:00:34]} Kg6 {[%emt 0:00:15]} 41. b4 {[%emt 0:00:27]} Rc6 {[%emt 0:00:47]} 42. c5 {[%emt 0:00:06]} bxc5 {[%emt 0:00:07]} 43. Bxc5 {[%emt 0:00:05]} a5 {[%emt 0:00:08]} 44. Ke1 0-1

[Event "14th Vandoeuvre Open 2018"]
[Site "?"]
[Date "2018.01.04"]
[Round "5"]
[White "Barbelenet, Frederic"]
[Black "Rittie, Daniel"]
[Result "1-0"]
[WhiteElo "1764"]
[BlackElo "1944"]
[PlyCount "81"]
[EventDate "2018.??.??"]
[EventType "swiss"]
[EventCountry "FRA"]
[SourceTitle "Vandoeuvre"]
[TimeControl "5400+30"]
[WhiteClock "0:01:27"]
[BlackClock "0:01:49"]

1. e4 {[%emt 0:00:00]} Nf6 {[%emt 0:00:00]} 2. Nc3 {[%emt 0:00:10]} d5 {[%emt 0:00:00]} 3. exd5 {[%emt 0:03:48]} Nxd5 {[%emt 0:00:00]} 4. Nxd5 {[%emt 0:02:07]} Qxd5 {[%emt 0:00:00]} 5. Nf3 {[%emt 0:00:25]} Bg4 {[%emt 0:00:11]} 6. Be2 {[%emt 0:00:05]} e6 {[%emt 0:00:16]} 7. O-O {[%emt 0:00:57]} Be7 {[%emt 0:04:13]} 8. d4 {[%emt 0:02:14]} O-O {[%emt 0:04:25]} 9. Bf4 {[%emt 0:00:26]} c6 {[%emt 0:03:40]} 10. Re1 {[%emt 0:12:28]} Nd7 {[%emt 0:03:42]} 11. h3 {[%emt 0:01:41]} Bf5 {[%emt 0:03:11]} 12. Bd3 {[%emt 0:02:03]} Bxd3 {[%emt 0:01:48]} 13. Qxd3 {[%emt 0:00:07]} Nf6 {[%emt 0:00:34]} 14. c4 {[%emt 0:05:13]} Qa5 {[%emt 0:00:35]} 15. a3 Rfe8 {[%emt 0:14:02]} 16. Rad1 {[%emt 0:09:30]} Rad8 {[%emt 0:06:05]} 17. Qb3 {[%emt 0:04:50]} Qa6 {[%emt 0:03:23]} 18. Ne5 {[%emt 0:01:47]} Nd7 {[%emt 0:12:13]} 19. c5 {[%emt 0:15:16]} Nxe5 {[%emt 0:00:38]} 20. Bxe5 {[%emt 0:02:49]} Rd7 {[%emt 0:02:26]} 21. Re4 {[%emt 0:07:19]} Qb5 {[%emt 0:11:55]} 22. Qc2 {[%emt 0:09:40]} Bf8 {[%emt 0:06:00]} 23. b4 {[%emt 0:00:18]} a5 {[%emt 0:01:25]} 24. Qb3 {[%emt 0:00:11]} axb4 {[%emt 0:00:25]} 25. axb4 {[%emt 0:00:52]} Ra8 {[%emt 0:00:51]} 26. Kh2 {[%emt 0:00:37]} Be7 {[%emt 0:05:51]} 27. Rg4 {[%emt 0:01:02]} g6 {[%emt 0:00:44]} 28. Re4 {[%emt 0:00:06]} Qa4 {[%emt 0:01:32]} 29. Rb1 {[%emt 0:01:11]} Qb5 {[%emt 0:00:38]} 30. g4 {[%emt 0:00:53]} Rd5 {[%emt 0:04:35]} 31. Qc3 {[%emt 0:06:52]} Rdd8 {[%emt 0:01:28]} 32. Qb3 {[%emt 0:05:06]} Rd7 {[%emt 0:01:52]} 33. f4 {[%emt 0:00:42]} Rd5 {[%emt 0:03:42]} 34. f5 {[%emt 0:02:13]} exf5 {[%emt 0:01:08]} 35. gxf5 {[%emt 0:00:21]} Bf8 {[%emt 0:00:58]} 36. fxg6 {[%emt 0:02:23]} fxg6 {[%emt 0:01:02]} 37. Qf3 {[%emt 0:00:33]} Bg7 {[%emt 0:01:26]} 38. Bxg7 {[%emt 0:00:24]} Kxg7 {[%emt 0:00:02]} 39. Re7+ {[%emt 0:00:18]} Kh6 {[%emt 0:01:11]} 40. Qf4+ {[%emt 0:01:14]} Kh5 {[%emt 0:00:26]} 41. Rxh7# 1-0

[Event "14th Vandoeuvre Open 2018"]
[Site "?"]
[Date "2018.01.04"]
[Round "6"]
[White "Fedorchuk, Sergey A"]
[Black "Turov, Maxim"]
[Result "0-1"]
[WhiteElo "2638"]
[BlackElo "2614"]
[Annotator "TA"]
[PlyCount "72"]
[EventDate "2018.??.??"]
[EventType "swiss"]
[EventCountry "FRA"]
[SourceTitle "Vandoeuvre"]

{[%evp 15,72,5,14,11,10,7,2,5,0,3,4,3,20,18,25,19,22,14,20,20,26,-25,-29,-67,-67,-104,-57,-101,-90,-102,-93,-181,-177,-170,-174,-174,-181,-177,-180,-189,-111,-181,-196,-233,-250,-497,-491,-478,-467,-460,-202,-1059,-1070,-1051,-1037,-1162,-988,-29998,559]} 1. e4 c6 2. d4 d5 3. Nd2 dxe4 4. Nxe4 Bf5 5. Ng3 Bg6 6. Nh3 Nf6 7. c3 e6 8. Nf4 Bd6 9. h4 {[%cal Bh2h4,Bh4h5,Bh5h6][%mdl 32] B18: Classical Caro-Kann: 4...Bf5 sidelines} Qc7 (9... Bxf4 10. Bxf4 h6 11. a4 O-O 12. a5 Nd5 13. Bd2 Nd7 14. c4 N5f6 15. h5 Bh7 16. Bc3 c5 {1-0 (68) Ivanchuk,V (2726)-Artemiev,V (2691) Huaian 2017}) 10. Qf3 Nbd7 11. h5 {The position is equal.} Bc2 12. h6 g6 13. Bd3 Bxd3 14. Nxd3 Qa5 15. Bf4 Bxf4 16. Qxf4 {[#]} g5 $146 17. Qe3 Rg8 18. f3 (18. a3 $142) 18... O-O-O $11 19. Kf2 Nd5 20. Qe2 Qc7 21. c4 Nf4 $36 {[%mdl 2048] Keeping White busy.} 22. Nxf4 gxf4 23. Ne4 (23. Nh5 $17 {keeps fighting.}) 23... f5 $19 24. Nc3 e5 25. Rad1 Qd6 ({Don't play} 25... exd4 26. Rxd4 Ne5 27. Rxd8+ Rxd8 28. Rd1 $15) 26. d5 {[#]} e4 $1 {[%mdl 512]} 27. fxe4 Ne5 {Hoping for ...Rxg2+!} 28. Ke1 (28. dxc6 $17 Qxc6 29. Rxd8+ Rxd8 30. exf5 Qc5+ 31. Ke1) 28... Qc5 29. dxc6 bxc6 30. exf5 $2 {[#]} (30. Rf1 {only move.} Rxd1+ 31. Kxd1 Nxc4 32. Kc1) 30... f3 $1 31. Rxd8+ Rxd8 32. gxf3 Rd3 (32... Nd3+ $142 33. Kf1 Nf4) 33. Qg2 $2 (33. f4 Nf3+ 34. Kf1) 33... Nxf3+ 34. Kf1 Qxf5 35. Qf2 Rd2 36. Qg3 Qe5 $4 {[%mdl 40960] Precision: White = 30%, Black = 67%. . Loss on Time!?} (36... Qd3+ {and all is fine.} 37. Ne2 Qxe2#) 0-1

[Event "14th Vandoeuvre Open 2018"]
[Site "?"]
[Date "2018.01.04"]
[Round "6"]
[White "Donchenko, Alexander"]
[Black "Ider, Borya"]
[Result "1-0"]
[WhiteElo "2580"]
[BlackElo "2502"]
[Annotator "TA"]
[PlyCount "127"]
[EventDate "2018.??.??"]
[EventType "swiss"]
[EventCountry "FRA"]
[SourceTitle "Vandoeuvre"]

{[%evp 19,127,20,18,-2,0,0,0,0,0,-13,-13,-12,-12,-9,26,18,27,11,27,15,40,29,21,0,2,0,0,0,0,0,0,0,17,12,30,27,31,21,26,24,44,44,44,44,44,24,24,24,47,27,27,24,43,28,30,38,33,33,28,28,29,29,37,36,107,22,14,8,27,23,66,59,131,131,104,110,116,121,1477,2199,2029,1850,1613,1262,2399,2652,2605,2166,2058,2238,2568,2094,29976,29977,29975,29975,29979,29980,29980,29981,29981,29982,29982,29983,29983,29984,29983,29984,29980,29980]} 1. d4 e6 2. c4 d5 3. Nf3 Nf6 4. g3 dxc4 5. Bg2 c5 6. O-O Nc6 7. Qa4 Bd7 8. Qxc4 b5 9. Qd3 c4 10. Qc2 {E04: Katalanisch} (10. Qd1 Rc8 11. b3 Na5 12. Ne5 cxb3 13. axb3 Rxc1 14. Qxc1 Nxb3 15. Qb2 Nxa1 16. Qxa1 Bd6 17. Qxa7 O-O 18. Nxd7 Nxd7 {½-½ (77) Yu,Y (2751)-Harikrishna,P (2744) Huaian 2017}) 10... Be7 {LiveBook: 6 Partien} 11. Nc3 O-O 12. a3 {Die Stellung ist ausgeglichen.} ({Vergiftet wäre} 12. Nxb5 $2 Nb4 $19) 12... Qb6 13. Bf4 $146 ({Vorgänger:} 13. Be3 Nd5 14. Bd2 Rfd8 15. Rad1 Nxc3 16. bxc3 h6 17. Rb1 Rac8 {1-0 (60) Chazalette,J (2316)-Leben,D (2336) ICCF email 2012}) 13... Rac8 14. Rad1 b4 15. axb4 Nxb4 16. Qb1 Nbd5 17. Ne5 Nxf4 18. gxf4 Rc7 19. Qa2 Qb3 20. Qxb3 (20. Ra1 {feels hotter.} Rb8 21. Rfc1 Be8 22. Qxb3 Rxb3 23. Ra2) 20... cxb3 21. d5 (21. Rd3 {looks sharper.} a5 22. Nxd7 Rxd7 23. Ra1 Bb4 24. Na4) 21... exd5 22. Nxd7 Rxd7 23. Nxd5 Nxd5 24. Bxd5 Bf6 25. Bxb3 Re7 26. Rd2 Rb7 27. Bc4 Rxb2 28. Rxb2 Bxb2 $11 {[%mdl 4096] Endspiel KTL-KTL} 29. Rb1 Bc3 30. Rb7 a5 31. Kg2 g6 32. e4 Bd4 33. Bb3 Bc3 34. Kf3 Bd4 35. h3 Bc3 36. Ke3 Bb4 37. e5 Bc5+ 38. Kf3 Bd4 39. Rd7 Bb6 40. Ke2 Bc5 41. f3 Bb6 (41... a4 $14 42. Bxa4 Rb8) 42. Rb7 (42. Bd5 $16) 42... Bg1 43. Rc7 Bb6 44. Rd7 Bc5 45. Kd3 Bb6 (45... a4 $14 46. Bxa4 Rb8) 46. Ke4 $16 a4 47. Bd5 a3 48. f5 {[%cal Bf4f5,Bf5f6][%mdl 32]} Rd8 $2 {[%mdl 8192] [#]} (48... gxf5+ $16 49. Kxf5 Kg7) 49. Bxf7+ $18 Kf8 50. Rxd8+ Bxd8 {KL-KL} 51. Ba2 Ba5 52. f6 Bc3 53. f4 Bb2 54. Bb3 Bc3 55. Kf3 h5 56. Ke4 {Weiß setzt Matt.} Ke8 57. h4 Bd2 58. e6 a2 59. Ba4+ Kd8 60. e7+ Kc7 61. e8=Q a1=Q 62. Qc6+ Kb8 63. Qd6+ Ka7 64. Qxd2 {Precision: Weiß = 68%, Schwarz = 46%.} 1-0

[Event "14th Vandoeuvre Open 2018"]
[Site "?"]
[Date "2018.01.04"]
[Round "6"]
[White "Kevlishvili, Robby"]
[Black "Lin, Chen"]
[Result "1/2-1/2"]
[WhiteElo "2451"]
[BlackElo "2485"]
[Annotator "TA"]
[PlyCount "90"]
[EventDate "2018.??.??"]
[EventType "swiss"]
[EventCountry "FRA"]
[SourceTitle "Vandoeuvre"]

{[%evp 16,90,15,13,0,0,0,0,56,-4,13,-37,-36,-60,-37,-61,-55,-50,-49,-43,-64,-51,-52,-67,-21,-93,-21,-28,2,0,126,6,119,-8,-4,-84,-83,-119,-113,-132,-125,-141,-122,-112,-100,-232,-173,-214,-225,-210,-183,-181,-181,-202,-155,-155,-155,-155,-155,-155,-155,-151,-110,-131,-25,-46,-46,-28,-42,-93,177,140,122,-93,0,0,0]} 1. e4 e5 2. Nf3 Nc6 3. Bb5 Nf6 4. d3 d6 5. c3 g6 6. Bg5 {C65: Ruy Lopez: Berlin Defence (3...Nf6), unusual lines and 4 0-0 Bc5} h6 7. Bh4 Bg7 8. Nbd2 Bd7 9. Nf1 {LiveBook: 10 Games} g5 $146 ({Find the theoretical novelty and annotate with similar games:} 9... Ne7 10. Bc4 O-O 11. Ne3 g5 12. Bg3 Ng6 13. O-O Nf4 {1-0 (45) Karjakin,S (2723)-Ponomariov,R (2739) Moscow 2009}) 10. Bg3 h5 11. h4 (11. Nxg5 h4 $17) 11... g4 12. N3d2 (12. Ng5 $14) 12... Bh6 13. Qe2 Ne7 {[%cal Bc6e7,Be7g6,Bg6f4][%mdl 32]} 14. Bc4 Ng6 15. Ne3 Nf4 16. Bxf4 exf4 17. Nd5 c6 18. Nxf6+ Qxf6 19. O-O-O O-O-O (19... f3 $5 20. gxf3 gxf3 $15) 20. d4 (20. f3 $11) 20... Rhe8 (20... f3 $17 21. gxf3 d5 22. exd5 Rhe8) 21. f3 $1 $11 Qg7 22. d5 Kc7 (22... f5 $11 {remains equal.}) 23. Qd3 ({White must play} 23. dxc6 $1 $16 Bxc6 24. Bb5) 23... Qf6 (23... Re5 $11 {keeps the balance.}) 24. Bb3 (24. dxc6 $1 $16 bxc6 25. Bb3) 24... c5 25. Rde1 (25. a4 $11) 25... b5 $17 26. Qf1 Bg7 27. Kb1 a5 28. a3 Rb8 29. Rc1 Rb7 30. Qd1 (30. Ka1 $17 {was necessary.}) 30... Reb8 31. e5 Qxe5 32. Re1 Qf6 {...b4 is the strong threat.} 33. Ne4 Bf5 {White must now prevent ...b4.} 34. Qd2 Re8 35. Bc2 Bxe4 $1 (35... Qxh4 $2 36. Nxd6 Bxc2+ 37. Kxc2 $18) 36. Rxe4 Rxe4 37. Bxe4 g3 38. Qe2 a4 39. Re1 Qe5 ({Of course not} 39... Qxh4 $6 40. Bd3 $11) (39... Qe7 $17 {next ...c4 is good for Black.} 40. Bf5 Qxe2 41. Rxe2 Be5) 40. Qd2 $1 $11 Kb6 41. Bc2 Qf6 42. Qe2 (42. Re8 $15) 42... Qe5 $2 {[%mdl 8192]} ({Reject} 42... Qxh4 $6 43. Qe8 $11) (42... Qd8 $1 $17 {keeps the pressure on.} 43. Qe8 Qxe8 44. Rxe8 Bf6) 43. Qd1 $1 $18 {[%mdl 1024] White has strong compensation.} Qf6 {[#]} 44. Qe2 $2 {[#]} (44. Re8 $1 $16 {is forced if you want to stay better.}) 44... Qe5 ({Don't play} 44... Qxh4 $6 45. Qe8 $11) (44... Qd8 $1 $17 45. Qe4 Be5) 45. Qd1 Qf6 {Precision: White = 34%, Black = 47%.} 1/2-1/2